01799nam a2200265Ia 4500952011300000952010200113999001700215008004100232020001500273050002200288100003100310240006000341245011700401250001900518260003600537300003100573490003700604500006700641504003200708505068100740519004501421650001901466700004101485942000701526 00102lcc4070a04b04d2009-12-14l2oP90 M2818 1998p04 002634r2017-03-16s2017-03-16t1w2012-06-24yLB 00102lcc4070a04b04d2018-10-01l0oP90 M2818 1996p04 002760r2018-10-01t2w2018-10-01yLB c62548d62548120625s1996 mx 001 0 spa d a9688530859 4aP90 bM2818 1996 1 aMcQuail, Denis e , autor 10aMass Communication Theory. An Introduction lEspañol 10aIntroducción a la teoría de la comunicación de masas c / Denis McQuail ; traducción Antonio J. Desmonts a2a. edición  aMéxicob : Paidós c , 1996 a452 páginas c ; 22 cm. 0 aPaidós Comunicación v ; 18  aTítulo original: Mass Communication Theory. An Introduction  aBibliografía: pp. 403-4350 aEl desarrollo de los medios de comunicación masivas Teoría de los medios de comunicación y teoría de la sociedad Teoría aplicada de los medios de comunicación: integración y cambio Teorías normativas de la estructura y la práctica de los medios de comunicación La producción cultural de los medios de comunicación: institución, organización y papel de los medios de comunicación Contenido de los medios de comunicación: análisis, reflejo de la realidad, géneros La audiencia de los medios de comunicación El procesamiento de los efectos de los medios de comunicación Teoría de la comunicación de masas: nota sobre su futuro  aMaterial Complementario / d(04 002634)  4aCOMUNICACIÓN1 aDesmonts, Antonio J. e , traductor  cLB